Computer Programming in C (Record no. 7765)

MARC details
000 -LEADER
fixed length control field 00310nam a2200133Ia 4500
008 - FIXED-LENGTH DATA ELEMENTS--GENERAL INFORMATION
fixed length control field 191201s2011 xx 000 0 und d
082 ## - DEWEY DECIMAL CLASSIFICATION NUMBER
Classification number 005.133
Item number RAC
100 ## - MAIN ENTRY--PERSONAL NAME
Personal name RAJARAMAN,V
245 #0 - TITLE STATEMENT
Title Computer Programming in C
250 ## - EDITION STATEMENT
Edition statement Rep
260 ## - PUBLICATION, DISTRIBUTION, ETC. (IMPRINT)
Date of publication, distribution, etc 2011
Name of publisher, distributor, etc PHI
Place of publication, distribution, etc NEW DELHI
300 ## - PHYSICAL DESCRIPTION
Extent 363
942 ## - ADDED ENTRY ELEMENTS (KOHA)
Source of classification or shelving scheme Dewey Decimal Classification
Koha item type Text Books
942 ## - ADDED ENTRY ELEMENTS (KOHA)
-- 11
Holdings
Withdrawn status Lost status Source of classification or shelving scheme Damaged status Not for loan Collection code Home library Current library Date acquired Source of acquisition Cost, normal purchase price Bill Number Total Checkouts Full call number Acc. no. / Barcode Date last seen Date last borrowed Actual Cost, discounted price Bill Date Koha item type
    Dewey Decimal Classification     BCA PIET C-LIBRARY PIET C-LIBRARY 07/03/2012 IBH, New Delhi 195.00 4863 4 005.133 RAC BC40 19/01/2024 08/01/2024 121.68 07/03/2012 Text Books
    Dewey Decimal Classification     BCA PIET C-LIBRARY PIET C-LIBRARY 07/03/2012 IBH, New Delhi 195.00 4863 1 005.133 RAC BC41 11/01/2024 08/01/2024 121.68 07/03/2012 Text Books
    Dewey Decimal Classification     BCA PIET C-LIBRARY PIET C-LIBRARY 07/03/2012 IBH, New Delhi 195.00 4863 4 005.133 RAC BC42 28/09/2023 12/09/2023 121.68 07/03/2012 Text Books
    Dewey Decimal Classification     BCA PIET C-LIBRARY PIET C-LIBRARY 07/03/2012 IBH, New Delhi 195.00 4863 5 005.133 RAC BC43 16/01/2024 08/01/2024 121.68 07/03/2012 Text Books
    Dewey Decimal Classification     BCA PIET C-LIBRARY PIET C-LIBRARY 07/03/2012 IBH, New Delhi 195.00 4863 2 005.133 RAC BC44 21/09/2023 12/09/2023 121.68 07/03/2012 Text Books
    Dewey Decimal Classification     BCA PIET C-LIBRARY PIET C-LIBRARY 07/03/2012 IBH, New Delhi 195.00 4863 3 005.133 RAC BC45 03/10/2023 15/09/2023 121.68 07/03/2012 Text Books

Design & Developed by: PIET Central Library
R70 Miles Stone Pattikalyana Samalkha Panipat 132102
mail ID :- [email protected], Phone No:- 0180-2569700 Ex.216